Армянская литература. Вып. 1 (Запись № 9780586)

Подробности
000 -МАРКЕР
контрольное поле 01327nam2a22002531 4500
001 - ИДЕНТИФИКАТОР ЗАПИСИ
контрольное поле rc\3374387
005 - ИДЕНТИФИКАТОР ВЕРСИИ
контрольное поле 20250609230523.0
021 ## - НОМЕР ГОСУДАРСТВЕННОЙ РЕГИСТРАЦИИ
Код страны Российская Федерация
Номер [76-2536]
035 ## - ДРУГИЕ СИСТЕМНЫЕ НОМЕРА
Идентификатор записи (NLR Aleph) 007544113
100 ## - ДАННЫЕ ОБЩЕЙ ОБРАБОТКИ
Данные общей обработки 20130115d1974 |||y0rusy50 ca
101 0# - ЯЗЫК РЕСУРСА
Язык текста, звукозаписи и т.д. русский
102 ## - СТРАНА ПУБЛИКАЦИИ ИЛИ ПРОИЗВОДСТВА
Страна публикации Российская Федерация
105 ## - ПОЛЕ КОДИРОВАННЫХ ДАННЫХ: ТЕКСТОВЫЕ МАТЕРИАЛЫ, МОНОГРАФИЧЕСКИЕ
Кодированные данные о монографическом текстовом документе a z |||||
200 0# - ЗАГЛАВИЕ И СВЕДЕНИЯ ОБ ОТВЕТСТВЕННОСТИ
Основное заглавие Вып. 1
210 ## - ПУБЛИКАЦИЯ, РАСПРОСТРАНЕНИЕ И ДР.
Дата издания, распространения и т.д. 1974
Место издания, распространения и т.д. Б. м.
215 ## - ФИЗИЧЕСКАЯ ХАРАКТЕРИСТИКА
Специфическое обозначение материала и объем 333 с.
Другие сведения о физической характеристике ил.
461 #0 - УРОВЕНЬ НАБОРА
Встроенное поле 001rc\3374386
-- 2001#$aАрмянская литература$e(Биобиблиогр. указ.)$e[В 2 вып.]$fСост. Н.А. Адамян, Е.М. Нерсисян[!], Н.[!]К. Хоецян$gРед. канд. филол. наук В.М. Мнацаканян$gМ-во культуры АрмССР, Гос. респ. б-ка им. Ал. Мясникяна, Отд. науч. библиогр. и справ. работ$vВып. 1
-- 700#1$aАдамян$bН.А.$gНазик Адамовна$4220
Системный номер (АБИС) связанной записи 9780581
Автор Адамян, Н.А.
Место публикации Ереван
Дата публикации 1974-
Первые сведения об ответственности Сост. Н.А. Адамян, Е.М. Нерсисян[!], Н.[!]К. Хоецян
Имя издателя, распространителя и т.д. Б. и.
Сведения, относящиеся к заглавию (Биобиблиогр. указ.) : [В 2 вып.]
Заглавие Армянская литература
Номер тома Вып. 1
801 #0 - ИСТОЧНИК ЗАПИСИ
Страна Российская Федерация
Организация NLR
Правила каталогизации psbo
801 #1 - ИСТОЧНИК ЗАПИСИ
Страна Российская Федерация
Организация ELAR
Источник данных rusmarc
852 ## - МЕСТОНАХОЖДЕНИЕ И ШИФР ХРАНЕНИЯ
Идентификатор организации NLR
Шифр хранения (Call Number) с945Арм-420/А-83
942 ## - ДОПОЛНИТЕЛЬНЫЕ ЭЛЕМЕНТЫ ЗАПИСИ (АБИС)
Тип экземпляра АБИС Книга
980 ## - КОЛЛЕКЦИЯ
Название коллекции Национальная библиография
Экземпляры
Тип экземпляра Дата поступления Библиотека постоянного хранения Библиотека текущего хранения Место хранения Шифр хранения Штрих-код Статус экземпляра
Книга 26.10.2013 РНБ (Московский) РНБ (Московский) Центральная справочная библиотека с945Арм-420/А-83 1-4647496  
Книга 26.06.2024 РНБ (Московский) РНБ (Московский) Центральная справочная библиотека с945Арм-420/А-83 1-4647497